Los fichajes más caros del fútbol - Defensas centrales - 2017-2018 - Estadísticas

Estadísticas generales
  • Esta prueba ha sido intentada 47 veces
  • La puntuación promedio es 7 de 10
Estadísticas de respuestas
Coste (M €) Nacionalidad Último club Nuevo club Jugador % Correcto
84,65 Países Bajos Southampton Liverpool Virgil van Dijk
100%
65,00 Francia / España Athletic Manchester City Aymeric Laporte
90%
42,00 Italia Juventus AC Milan Leonardo Bonucci
78%
35,00 Suecia Benfica Manchester United Victor Lindelöf
78%
35,00 Alemania AS Roma Chelsea Antonio Rüdiger
73%
42,00 Colombia Ajax Tottenham Davinson Sánchez
73%
34,00 Eslovaquia Sampdoria Inter Milan Skriniar
73%
30,00 Brasil Real Madrid Manchester City Danilo
66%
32,00 España Real Sociedad Athletic Iñigo Martínez
66%
31,10 Italia Atalanta Inter Alessandro Bastoni
49%
No se encontraron pruebas coincidentes
Distribución de puntuación
Porcentaje de gente con cada puntuación
Porcentaje por número respondido
Historial de tus puntuaciones
No has intentado esta prueba.